Pastorale sociale.

Gespeichert in:
Bibliographische Detailangaben
1. Verfasser: Francisco, Papa, Bergoglio, Jorge Mario (autor)
Weitere Verfasser: Gallo, Marco (a cura)
Format: Buch
Sprache:Englisch
Veröffentlicht: Milano, Italia: Jaca Book, 2015.
Ausgabe:Prima edizione italiana.
Schlagworte:
Tags: Tag hinzufügen
Keine Tags, Fügen Sie den ersten Tag hinzu!

MARC

LEADER 00000nam a22000007a 4500
003 CL-VaPUC
005 20230921163218.0
008 230914t2015 ||||| |||| 00| 0 eng d
999 |c 441799  |d 441797 
020 |a 978-88-16-30542-7 
040 |c Pontificia Universidad Católica de Valparaíso 
082 |2 22  |a 253 FRA 2015 
100 |9 881404  |a Francisco, Papa,  |q Bergoglio, Jorge Mario   |e autor 
245 |a Pastorale sociale.  
250 |a Prima edizione italiana.  
260 |a Milano, Italia:  |b Jaca Book,   |c 2015. 
300 |a 398 páginas.  
500 |a c.1 Donación Sr. Jorge Precht Pizarro. 26-05-23. Biblioteca Teología. 
583 |c 20230914  |k Yessy Sthefany Diaz Vidal 
600 0 |9 881404  |a Francisco, Papa  |x Pensamiento político y social   |y Siglo 21  
650 0 |9 257832  |a Teología pastoral   |x Cristianismo  
650 0 |9 257898  |a Sociología cristiana  |x Iglesia Católica  
700 |9 884656  |a Gallo, Marco   |e a cura  
942 |2 ddc  |c BK 
952 |0 0  |1 0  |2 ddc  |4 0  |6 253_000000000000000_FRA_2015  |7 0  |8 A  |9 591581  |a BIBTEO  |b BIBTEO  |d 2023-09-15  |e Donación   |i 5658651  |o 253 FRA 2015  |p 5658651  |r 2025-01-17  |t 1  |w 2023-09-15  |y BK  |k ICR